Sabrina Carpenter - Paroles Slim Pickins - Statistiques

Statistiques générales
  • Ce quiz a été pris 28 fois
  • Le résultat moyen est 184 sur 217
Statistiques - réponses
Hint Réponse % Correct
a
100%
Pré-refrain A
100%
I
100%
the
100%
and
95%
Outro And
95%
be
95%
boy
95%
Can't
95%
can't
95%
Couplet 1 Guess
95%
have
95%
If
95%
it's
95%
It's
95%
just
95%
Just
95%
kind
95%
pickins
95%
slim
95%
you
95%
do?
91%
I'll
91%
love
91%
my
91%
Refrain Oh,
91%
on
91%
one
91%
that
91%
this
91%
This
91%
to
91%
who's
91%
are
86%
are"
86%
difference
86%
in
86%
jacked
86%
kissing
86%
life
86%
me
86%
nice,
86%
room
86%
save
86%
"their,"
86%
their
86%
"there"
86%
"they
86%
All
82%
all
82%
alone
82%
am
82%
between
82%
bitchin'
82%
doesn't
82%
dramatic,
82%
even
82%
find
82%
he
82%
he's
82%
know
82%
Couplet 2 Mm
82%
moanin'
82%
Moanin'
82%
not
82%
or
82%
phone
82%
Then
82%
gay
77%
get
77%
good
77%
his
77%
I'm
77%
keep
77%
Missing
77%
missing
77%
naked
77%
right
77%
Since
77%
since
77%
taken
77%
these
77%
things
77%
through
77%
end
73%
forgot
73%
girl
73%
God
73%
kitchen
73%
knows
73%
like
73%
losin'
73%
machine
73%
nowhere
73%
ones
73%
play
73%
seen
73%
Serving
73%
swear
73%
they're
73%
thoughts
73%
ass
68%
breathes
68%
call
68%
douchebags
68%
exes
68%
Jesus,
68%
large
68%
living
68%
Lord
68%
pass
68%
slot
68%
some
68%
wasted
68%
what's
68%
winnin',
68%
'em
64%
fixings
64%
here
64%
isn't
64%
up
64%
awakening
59%
deceased
59%
Yet
55%
Well,
14%
Aucun quiz correspondant
Distribution des résultats
% des personnes avec chaque résultat
Percentile par nombre de réponses
Votre historique - résultats
Vous n’avez pas pris ce quiz